Statistics for Protestant Reformers

Click here to take the quiz!

General Stats

  • This quiz has been taken 447 times
  • The average score is 6 of 15

Answer Stats

HintAnswer% Correct
German monk and author of the 95 ThesesMartin Luther
97%
French-Swiss theologian who wrote Institutes of the Christian Religion, doctrine can be summerized in the acronym TULIPJohn Calvin
79%
English monarch whose desire for a divorce precipitated the English ReformationHenry VIII
78%
Fourteenth-century English preacher who made the first English translation of the Bible, followers were called LollardsJohn Wycliffe
52%
Bohemian priest who was influenced by above, burned at the stake at the Council of ConstanceJan Hus
51%
Swiss theologian who asserted communion and baptism were mere symbols, killed in a Swiss civil warUlrich Zwingli
51%
Eighteenth-century pair of brothers responsible for MethodismJohn and Charles Wesley
47%
Theologian who established a Scottish church based on teachings of aboveJohn Knox
46%
Seventeenth-century English tinker, Baptist lay preacher, and author of The Pilgrim's ProgressJohn Bunyan
35%
Archbishop of Canterbury who was fundamental in establishing the Church of England, wrote the Book of Common Prayer, burned at the stake by Queen Mary IThomas Cranmer
32%
Collaborator with above who helped formulate doctrine of the new church, especially on matters of gospel and lawPhilipp Melanchthon
24%
Seventeenth-century minister who established the first American Baptist congregation in Rhode IslandRoger Williams
14%
Dutch Anabaptist who argued for unconditional pacifismMenno Simmons
13%
Puritan leader who established the Massachusetts Bay colony in 1630John Winthrop
9%
Nineteenth-century American preacher who frequently predicted precise dates for the end of the world, followers include the Seventh-Day AdventistsWilliam Miller
8%

Score Distribution

Percentile by Number Answered

Percent of People with Each Score

Your Score History

You have not taken this quiz